000
00331nam a22001457a 4500
008
230831b ||||| |||| 00| 0 eng d
020
_a
9780521436250
041
_a
eng
080
_a
94
082
_a
94MUS
100
_a
26
101
_a
HISTORY
245
_a
COMMON SENSE SCIENCE AND SCEPTICISM
_c
MUSGRAVE .A
942
_2
udc
_c
BK
999
_c
60227
_d
60227